00752nam a2200181 a 4500003000200000005001700002008004100019050003000060100003300090245007600123260009300199300004000292504004100332650005200373650005600425650004000481650004900521020250212160430.0120723s19uu xx 00 eng d aPGS GV 1469.3b.T135 2012 aTajanlangit, Miguel Gabriel. aComputer gaming and academic performance /cMiguel Gabriel Tajanlangit. aLas Piñas City, Philippines : bSouthville International School and Colleges, c2012. a23 pages :billustrations ;c28 cm. aIncludes bibliographical references. aComputer gamesvEffect on academic achievement. aAcademic achievementvInfluence of computer gaming. aEducationvTechnology and learning. aStudentsvEffect of video games on learning.